| 000 | 00460nam a2200169Ia 4500 | ||
|---|---|---|---|
| 008 | 230711s9999||||xx |||||||||||||| ||und|| | ||
| 041 | _aENG | ||
| 082 |
_a620.0042 _bSA-M |
||
| 100 | _aSawhney,A.K | ||
| 245 | 2 | _aA course in mechanical measurements and instrumentation and control | |
| 250 | _a12th | ||
| 260 |
_c2001 _aNew Delhi _bDhanpat Rai & Co.(Pvt.)Ltd. |
||
| 300 | _a940 | ||
| 650 | _aMechanical Engineering | ||
| 700 | _aSawhney,Puneet | ||
| 942 | _cBK | ||
| 999 |
_c1612 _d1612 |
||